ბათუმის შოთა რუსთაველის სახელმწიფო უნივერსიტეტის ბიბლიოთეკა

ქართველი ერი და მსოფლიო ცივილიზაცია / (ბიბ.ჩანაწერი № 58975)

000 -ლიდერი
ფიქსირებული სიგრძის საკონტროლო ველი 00780nam a22002057a 4500
003 - საკონტროლო ნომრის იდენტიფიკატორი
საკონტროლო ველი Ge_BSU
005 - ბოლო ოპერაციის თარიღი და დრო
საკონტროლო ველი 20221025170526.0
008 - ფიქსირებული სიგრძის მონაცემთა ელემენტები - ზოგადი ინფორმაცია
ფიქსირებული სიგრძის საკონტროლო ველი 221025s2004 ge ||||| |||| 00| 0 geo d
020 ## - წიგნის საერთაშორისო სტანდარტული ნომერი
International Standard Book Number 9994000993
041 ## - ენის კოდი
Language code of text/sound track or separate title geo
080 ## - უნივერსალური ათობითი კლასიფიკაციის ინდექსი
Universal Decimal Classification number 008(=100) + 39(=353.1) + 930.85(100) ხ-49
100 ## - მთავარი ჩანაწერი - პიროვნების სახელი
Personal name ხვიჩია, ემზარ
9 (RLIN) 15543
245 ## - ცნობა სათაურის შესახებ
Title ქართველი ერი და მსოფლიო ცივილიზაცია /
Statement of responsibility, etc ემზარ ხვიჩია.
300 ## - ფიზიკური აღწერა
Extent 130 გვ. ;
Other physical details 20 სმ.
504 ## - BIBLIOGRAPHY, ETC. NOTE
Bibliography, etc ბიბლიოგრ.: გვ. 130.
653 ## - INDEX TERM--UNCONTROLLED
Uncontrolled term ქართული კულტურა
653 ## - INDEX TERM--UNCONTROLLED
Uncontrolled term ქართველები
653 ## - INDEX TERM--UNCONTROLLED
Uncontrolled term ქართული ცივილიზაცია
942 ## - ADDED ENTRY ELEMENTS (KOHA)
Source of classification or shelving scheme
Koha item type წიგნი
ეგზემპლარები
ჩამოწერის სტატუსი დაკარგული ეგზემპლარის სტატუსი კლასიფიკაციის წყარო ან თაროზე გაწყობის სქემა დაზიანების სტატუსი არ გაიცემა მუდმივი მდებარეობა (დაცვის ადგილი) ამჟამინდელი ადგილსამყოფელი თაროზე განთავსების ადგილი შეძენის თარიღი ღირებულება, შესყიდვის ნორმალური ფასი სრული შენახვის შიფრი შტრიხკოდი ბოლო ოპერაციის თარიღი ეგზემპლარის მიმდევრობითი ნომერი (კეტერი?) ფასის ძალაში შესვლის თარიღი ეგზემპლარის სახეობა საჯარო შენიშვნა
          ბათუმის შოთა რუსთაველის სახელმწიფო უნივერსიტეტის მთავარი ბიბლიოთეკა ბათუმის შოთა რუსთაველის სახელმწიფო უნივერსიტეტის მთავარი ბიბლიოთეკა წიგნსაცავი 2022-10-25 15.00 008(=100) + 39(=353.1) + 930.85(100) ხ-49 28774 2022-10-25 28774 2022-10-25 წიგნი 15 ლ.